000 00343 a2200133 4500
005 20250628205003.0
020 _a978-1-4462-9531-1
100 _aGRAY, D. E
245 _aDoing Research in the Real World
250 _a2nd Ed.
260 _aLondon
_bSAGE
_c2014
300 _axxii, 729p.: ill; Chat, Figure, Table
_bIndex
_c26cm
942 _2ddc
_cBKS
999 _c6199
_d6199